00467nam a22001577a 450000500170000000800410001702000180005804100130007608200150008910000260010424500680013025000200019826000340021830000310025265000260028320240129134929.0240129b |||||||| |||| 00| 0 eng d a9780409129236 aEnglish  a344.1 VAN  aVan Zyl, L lEnglish  aHandbook of the South African Law of Maintenance / cL Van Zyl  aFourth Edition  aDurban : bLexisNexis,c2016  bvii, 275 pages ; c25 cm.  aLegal practice bLaw